Where the Book speaks: (Record no. 10180)

000 -LEADER
fixed length control field 00600nam a2200181 a 4500
001 - CONTROL NUMBER
control field :::00007965$&:&@@
003 - CONTROL NUMBER IDENTIFIER
control field OkBaRHE
005 - DATE AND TIME OF LATEST TRANSACTION
control field 20000607103340.0
008 - FIXED-LENGTH DATA ELEMENTS--GENERAL INFORMATION
fixed length control field s1907 j 000 0 eng u
040 ## - CATALOGING SOURCE
Transcribing agency
100 1# - MAIN ENTRY--PERSONAL NAME
Personal name McLean, Archibald, 1850-1920.
245 10 - TITLE STATEMENT
Title Where the Book speaks:
Remainder of title mission studies in the Bible.
260 ## - PUBLICATION, DISTRIBUTION, ETC. (IMPRINT)
Place of publication, distribution, etc New York, NY., :
Name of publisher, distributor, etc Fleming H. Revell, Co.
Date of publication, distribution, etc c1907
300 ## - PHYSICAL DESCRIPTION
Extent 241 p. : illus. ;
Dimensions 19 cm.
650 ## - SUBJECT ADDED ENTRY--TOPICAL TERM
Topical term or geographic name as entry element Missions
General subdivision Biblical Teaching
942 ## - ADDED ENTRY ELEMENTS (KOHA)
Source of classification or shelving scheme
Koha item type Books
Copies
Koha item type Date acquired Withdrawn status Source of classification or shelving scheme Not for loan Lost status Barcode Date last seen Price effective from Shelving location Copy number Permanent Location Full call number Damaged status
Books2010-04-14    79652010-04-142010-04-14General Stacks1RHEMA Bible Training CollegeBV 2073 .M35